000 00399nam a2200181Ia 4500
005 20250603145658.0
008 250603s9999 xx 000 0 und d
020 _a0-582-42119-5
050 _aPZ 7 .E73 R63/
100 _aEscott, John
245 0 _aRobin Hood
260 _aHarlow, Essex
260 _bPearson
260 _c2000
300 _a40 p
650 _aHarlow, Essex
942 _cBK
999 _c42536
_d42536